Making one plus one eleven : (Record no. 147296)

MARC details
000 -LEADER
fixed length control field 00622nam a22001937a 4500
005 - DATE AND TIME OF LATEST TRANSACTION
control field 20250506121342.0
010 ## - LCCN (DPL NO)
LC control number ENG-121306 ENG_144826
020 ## - INTERNATIONAL STANDARD BOOK NUMBER
Terms of availability 400.00
International Standard Book Number 9788176506267
035 ## - SYSTEM CONTROL NUMBER
System control number EN-104838
035 ## - SYSTEM CONTROL NUMBER
System control number EN-128358
037 ## - SOURCE OF ACQUISITION
Source of stock number/acquisition DBAD/PUB
082 ## - DEWEY DECIMAL CLASSIFICATION NUMBER
Classification number 954.56
100 ## - MAIN ENTRY--PERSONAL NAME
Personal name Panda, Sanjay Kumar
245 ## - TITLE STATEMENT
Title Making one plus one eleven :
Statement of responsibility, etc by S.K.Panda
Remainder of title some innovative experiences of Tripura /
260 ## - PUBLICATION, DISTRIBUTION, ETC. (IMPRINT)
Place of publication, distribution, etc New Delhi
Name of publisher, distributor, etc Star Publications
Date of publication, distribution, etc 2015
270 ## - ADDRESS
Address 4/5B, Asaf Ali Road,
City New Delhi
Postal code 110002
300 ## - PHYSICAL DESCRIPTION
Extent xvii, 225 p. :
Dimensions 23 cm (Hb)
Other physical details ill.
942 ## - ADDED ENTRY ELEMENTS (KOHA)
Source of classification or shelving scheme Dewey Decimal Classification
Item type English Books
Classification part 954.56
Call number suffix PAN
Holdings
Withdrawn status Lost status Not for loan Collection code Home library Current library Date acquired Source of acquisition Cost, normal purchase price Full call number Barcode Copy number Cost, replacement price Koha item type
    Not For Loan Non-fiction D.B.Act.Division Bawana 11/11/2017 DBAD/PUB 400.00 954.56 PAN EN-104838 1 400.00 English Books
      Non-fiction Janak Puri Janak Puri 06/05/2025 Delivery of Books Act Division 400.00 954.56 PAN EN-128358 1 400.00 English Books

© Delhi Public Library
Hit Counter
free hit counter